000 00336nam a2200133Ia 4500
005 20260328104245.0
008 260328s9999||||xx |||||||||||||| ||und||
100 _aGáfaro Barrera, Juan José
245 0 _aAcabados para la Madera /
_cJuan José Gáfaro Barrera
260 _bCeja
300 _a69 p.
650 _aMADERA
942 _cBK
999 _c10054
_d10054